| 000 | 00549nam a22001817a 4500 | ||
|---|---|---|---|
| 999 |
_c8500 _d8500 |
||
| 008 | 201126b ||||| |||| 00| 0 eng d | ||
| 040 | _aBMS College of Architecture | ||
| 100 | _aR, Darshith | ||
| 245 | _aInstitute and studio for gaming and animation | ||
| 300 | _aNA | ||
| 500 | _a1BM12AT016 | ||
| 502 |
_8B,Arch _NBMS College of Architecture, Visvesvaraya Technological University (VTU) _aProject report _d2018 |
||
| 650 | _aStudio | ||
| 650 | _aGaming | ||
| 700 |
_aAdithya Kiran T _eGuide |
||
| 700 |
_aPrathima N _eGuide |
||
| 942 |
_2ddc _cTHE |
||